MDQL
is popping MORE tags! Check the
thread
!
Quizzes
Events
Quiz Creation
Community
Videos
Private Events
Remove Ads
Sign In
Join for FREE
Feedback
Dark Mode
Quiz Categories
Sports
Geography
Music
Movies
Television
Just For Fun
Miscellaneous
History
Literature
Language
Science
Gaming
Entertainment
Religion
Holiday
For Kids
Quiz Lab
Recent
Popular Today
Quiz Kudos Today
Editor Picks
Curator Picks
Quizzes by...
Day
Popularity
Type
Ratings
Length
Year
Community
Subscriptions
Recent Discussions
Orange Saloon
Badges
Playlists
Quests
Create
Leaderboards
Showdown
Live 5
Trivia Bingo
Activity
Puzzle Library
Sporcle Events
Private Events
Virtual Trivia
Globe League
Become a Host
Pub Owners
SporcleCon
Opinionation
Our Games
Videos
Blog
Mobile Apps
Partnerships
Remove Ads and Go Orange
Feedback
Miscellaneous
Crossword
General Knowledge
Baby Names
Logo
Food
Cars
Numbers
Grab Bag
University
College
Popular
Company
Slogans
Restaurants
Justice
Letter
Miscellaneous
Crossword
General Knowledge
Baby Names
Logo
Food
Cars
Numbers
Grab Bag
University
College
Popular
Company
Slogans
Restaurants
Justice
Letter
Random Quiz
Search Sporcle
×
Quiz Lab
Quiz Lab
Miscellaneous
Alphabet
Type in answers that appear in a list
Type in answers that appear in a list
Classic
Best Score? Go Orange.
Candy Alphabet Stats
Can you name the Candy Alphabet?
By
Casey_Erin
5m
23 Questions
655 Plays
655 Plays
655 Plays
Comments
Comments
Give Quiz Kudos
Give Quiz Kudos
-
- Ratings
hide this ad
Replay
Link that replays current quiz
Next Quiz
Link to next quiz in quiz playlist
You Got
0%
They Got
Avg Score
47%
Avg Friend Score
Upgrade to see
Score Distribution
Jump to the score distribution portion of the page
Score
0/23
Timer
05:00
0
Plays Today
Hint
Candy
% Correct
A-
a small candy bar that consists of a coconut center topped with an almond and coated in chocolate
Almond Joy
91.3%
C-
a 'J' shaped candy that is usually associated with Christmas
Candy Cane
85.5%
P-
pressed, dry blocks of candy; famous for their dispensers, which are widely collected
PEZ
74.7%
M-
small, round chocolate candies with colorful hard candy shells
M&M's
66%
J-
small, bean shaped candies with hard candy shells and gummy interiors
Jelly beans
60.9%
N-
tiny, irregular shaped sweets that come in a variety of flavors
Nerds
60.6%
K-
light, crispy wafers covered in chocolate
Kit Kat
59.4%
G-
hard, spherical candies; also known as jawbreakers
Gobstoppers
57.4%
L-
small, round candies famous for their lemon flavor
Lemonheads
53%
T-
a candy bar consisting of a butter cookie topped with caramel and then coated in chocolate
Twix
52.1%
H-
a solid chocolate bar that inspired the name of a town in Pennsylvania.
Hershey's
50.1%
Y-
a gooey mint center covered in chocolate
York
46.7%
Hint
Candy
% Correct
O-
gum including flavors like Strawberry Mint and Fabulous Frutini
Orbit
46.4%
B-
bubble gum that is shredded and contained in an aluminum pouch; created by pitcher Rob Nelson
Big League Chew
45.3%
W-
hard, round candies famous for their extremely sour flavor
Warheads
44.7%
Q-
a special gum meant to relieve the dry mouths of athletes
Quench
43.4%
R-
raisins coated in either milk or dark chocolate
Raisinets
39.7%
F-
a thick, chocolatey treat that is usually associated with the holidays
Fudge
37.9%
D-
a brand of gum with flavors such as Shiver Mint and Mint Medley
Dentyne
26.3%
I-
sugar-
free gum and disc-
shaped candy that comes in mint and sour flavors
Ice Breakers
21.4%
S-
gummy, cuboid-
shaped, fruit-
flavored soft taffy candy
Starbursts
20.6%
Z-
sour, chewy candies that are part of the Mike and Ike Brand
Zours
15.6%
E-
a very buttery toffee often made with almonds
English Toffee
7.3%
Quiz Playlist
Details
Report
Send in Message
Add To Playlist
Classic:
Type in answers that appear in a list
Last Updated: Feb 12, 2019
Quiz Scoreboard
CHALLENGE
Sign Up to Join the Scoreboard
Show All
Scores
Hide
Comments
May contain spoilers
Recently Published
5x2 Blitz: Bands
by SL_Kpop136
Music
30s
Colored Red Africa Blitz
by spor1
Geography
30s
Find the 'City' Movie
by crazypaving
Movies
60s
More to Explore
Quiz From the Vault
Featured Blog Post
14 Easter Pick-up Lines to Find Eggs With
hide this ad
You Might Also Like...
Tags
Alphabet Quiz
Candy
Manufacturer
Today's Top Quizzes in Miscellaneous
Browse Miscellaneous
hide this ad
Today's Top Quizzes in Alphabet
Browse Alphabet
Top Contributed Quizzes in Miscellaneous
1
5-to-1: Fast Food
2
9x9 Crossword: Disney Movie Titles
3
9x9 Crossword: Charlie and the Chocolate Factory
4
The JOE quick-fire general knowledge quiz: Day 174
5
9x9 Crossword: Nickelodeon
6
9x9 Crossword: Flags
7
9x9 Crossword: Pixar Movie Titles
8
9x9 Crossword: 2022 Movies
9
9x9 Crossword: Halloween
10
9x9 Crossword: Actors
Explore More
Trending Topics
Kpop
NBA
Marvel
Crossword
Disney
Harry Potter
Anime
NFL
Soccer
Puzzle
The Office
Song
Country
WWE
Pokémon
hide this ad
More By:
Casey_Erin
Quiz
Plays
Rating
Category
Featured
Created
Candy Alphabet
655
2.86
Miscellaneous
Dec 30, 2009
Sound of Music Scale
363
4.50
Movies
Dec 30, 2009
Go to Creator's Profile
Score Distribution
Quiz Creator Spotlight
Casey_Erin
Follow
Send a Message
Quizzes Created
-
Created Quiz Play Count
-
More By This Creator
Popular Quizzes Today
1
Find the 'City' Movie
2
Colored Red Africa Blitz
3
Find the US States - No Outlines Minefield
4
5x2 Blitz: Bands
5
The Countries of the World
6
Find the US States
7
US States
8
9x9 Crossword: Cartoon Network
More Miscellaneous Quizzes
Licence to Puzzle
Curator's Pick
Trending Quizzes
Colored Red Europe Blitz I
Colored Red Africa Blitz II
Colored Red Europe Blitz II
Colored Red Europe Blitz III
Colored Red Africa Blitz III
Recently Updated
Famous TV Couples
Peacemaker
Champions League XIs: Real Madrid
pecheneg
Largest US Cities 1790-2010
pecheneg
Rides in Walt Disney World
pecheneg
Most Oscar Losses (Acting)
pecheneg
Beyoncé Albums
pecheneg
Leaping Animals
pecheneg
Reality TV Shows (A-Z)
bhenderson79
Rickey Henderson's Hall of Fame Teammates
pecheneg
Champions League XIs: Arsenal
pecheneg
Trending Topics
Marvel
Anime
Harry Potter
Disney
Crossword
NBA
Kpop
Song
WWE
Pokémon
The Office
Soccer
Puzzle
NFL
Country
Your Account Isn't Verified!
In order to create a playlist on Sporcle, you need to verify the email address you used during registration. Go to your
Sporcle Settings
to finish the process.
Report this User
Report this user for behavior that violates our
Community Guidelines
.
Details:
Send Report
Go to the Sporcle.com Mobile Site →
Comments